| 000 | 00801nam0a22002411 4500 | ||
|---|---|---|---|
| 001 | rc\2670197 | ||
| 005 | 20250727040503.0 | ||
| 035 | _a(NLR Aleph) 006976498 | ||
| 090 |
_a5492071 _c5492071 |
||
| 100 | _a20110621d1929 |||y0rusy50 ca | ||
| 101 | 0 | _arus | |
| 102 | _aRU | ||
| 105 | _aa z ||||| | ||
| 200 | 1 |
_aБайдарка, как ее сделать и как ею управлять _fСост. Е. Шмидт |
|
| 210 |
_a[Ленинград] _cНауч. книгоизд-во _d[1929] |
||
| 215 |
_a20 с., 18 ил. _cил. |
||
| 225 | 1 |
_aБиблиотека журнала "В мастерской природы" _aДля умелых рук |
|
| 700 | 1 |
_aШмидт _bЕ. |
|
| 801 | 0 |
_aRU _bNLR _gpsbo |
|
| 801 | 1 |
_aRU _bELAR _2rusmarc |
|
| 852 |
_aNLR _j33-9/2368 |
||
| 942 | _cBOOK | ||
| 980 | _aNB | ||